000 00798nam a2200265Ia 4500
003 GCL
008 140319s9999 xx 000 0 ara d
040 _aGCL /
_cGCL
082 0 4 _aق
_b953.08
_bق ن
100 1 _aقاسم عبده قاسم
245 1 0 _aالنيل والمجتمع المصرى فى عصر سلاطين المماليك /
_cقاسم عبده قاسم
260 _a[S.N] :
_bدار المعارف ،
_c1978
300 _a145 ص
490 _a
650 0 4 _aمصر
650 0 4 _aتاريخ
650 0 4 _aالتجارة
650 0 4 _aالاحوال الاقتصادية
650 0 4 _aالنيل
650 0 4 _aالمجتمع المصرى
650 0 4 _aالجيش المصرى
650 0 4 _aالطرق المائية
650 0 4 _aالملاحة
942 _2ddc
_cBK
999 _c52903
_d52903